000 00345nam a22001217a 4500
008 180515b xxu||||| |||| 00| 0 eng d
041 _aeng
080 _a043.3
100 _a0
101 _aMBE-BTH
245 _aRoli i strategjisë së marketingut në rritjen dhe zhvillimin e Bizneseve të Vogla dhe të Mesme
_cMarmullaku,B
942 _2udc
_cBK
999 _c45837
_d45837